Umpama madu dikata gula : manisnya juga yang bezakannya

Bibliographic Details
Main Author: W. S Uzala
Format: Book
Published: Selangor : Eddiplex , 2005
Series:Siri peribahasa dan pembayangnya
Subjects:

MARC

LEADER 00000cam a2200000 7i4500
001 0000006564
005 20151222.0
008 070817
020 |a 9838806323(set) 
020 |a 9838806390 
090 0 0 |a JF   |b NS MAL (6358) 
100 0 |a W. S Uzala 
245 1 0 |a Umpama madu dikata gula :   |b manisnya juga yang bezakannya   |c W. S Uzala 
260 |a Selangor :   |b Eddiplex ,   |c 2005 
440 0 |a Siri peribahasa dan pembayangnya 
500 |a Children ages 7-9 years old (orange) 
650 0 |a Junior fiction   |x Malay   |x Languages 
650 0 |a Nursery rhymes 
999 |a 0000985563   |b Book   |c Children Collection   |e Perbadanan Perpustakaan Awam Johor 
999 |a 0000985564   |b Book   |c Children Collection   |e Perbadanan Perpustakaan Awam Johor 
999 |a 0001054744   |b Book   |c Children Collection   |e Cawangan Taman Universiti 
999 |a 0001054745   |b Book   |c Children Collection   |e Cawangan Segamat 
999 |a 0001054746   |b Book   |c Children Collection   |e Cawangan Bukit Gambir